Amiodaronová neuropatie optiku z pohledu neurooftalmologa

Bibliographic Details
Main Authors: Jirásková, N. (Author), Rozsíval, P. (Author), Hobza, V. (Author)
Format: Article
Language:Czech

MARC

LEADER 00000nab a2200000uu 4500
001 vtls011136129
003 SK-MaSNL
005 20260303125336.0
008 230218|1996 xo |||||||||||||||||cze|
015 |a SNBRB 
035 |a (urnnbn)urn:nbn:sk:snk:ar-007pdr 
035 |a (uuid)de7ef2a8-fc3c-4b2b-80c5-255642495274 
035 |a urn:nbn:sk:snk-abap1u 
040 |a SNKBUCL  |b slo  |c SNKBUCL  |e AACR2 
041 0 |a cze 
044 |a xo  |c SK 
100 1 |a Jirásková, N.  |4 aut  |9 1134753 
245 1 0 |a Amiodaronová neuropatie optiku z pohledu neurooftalmologa  |c N. Jirásková, P. Rozsíval, V. Hobza 
700 1 |a Rozsíval, P.  |4 aut  |9 1143586 
700 1 |a Hobza, V.  |4 aut  |9 1143723 
773 0 |t Česká a slovenská oftalmologie : časopis České oftalmologické společnosti a Slovenské oftalmologické společnosti  |g Roč. 52, č. 5 (1996), s. 308-318 
954 |a odborná, vedecká literatúra cudzojazyčná (svetová)  |2 lita 
958 |a OND 
958 |a EUIPO 
958 |a article14 
999 |c 1934196  |d 1936126